|
|
|
|
| LEADER |
00754nam a22002052a 4500 |
| 001 |
000567302 |
| 003 |
CZ BrMZK |
| 005 |
20000105143423.0 |
| 008 |
000105s1965 xr cze d |
| 040 |
|
|
|a BOA001
|b cze
|c BOA001
|
| 041 |
0 |
|
|a cze
|a eng
|
| 100 |
1 |
|
|a Svatoň, Miloš
|7 mzk2009544275
|4 aut
|
| 245 |
1 |
0 |
|a Malý odborný anglicko-český slovník z oboru papíru a celulosy s některými slovenskými ekvivalenty /
|c Miloš Svatoň ; Jozef Krivosudský
|
| 260 |
|
|
|a Praha :
|b SNTL,
|c 1965
|
| 300 |
|
|
|a 112 s.
|
| 500 |
|
|
|a Samost. příl. k čas.:Papír a celulosa, r.20, 1965
|
| 700 |
1 |
|
|a Krivosudský, Jozef
|
| 910 |
|
|
|a BOA001
|b X-0554.354
|
| 990 |
|
|
|a BK
|
| 996 |
6 |
|
|b 2619718486
|c X-0554.354
|l MZK
|r Sklad / do 24 hodin
|n 1
|w 000567302
|u 000010
|a 1
|e BOA001
|j MZK50
|s P
|